| 000 | 00434nam a2200181Ia 4500 | ||
|---|---|---|---|
| 003 | OSt | ||
| 005 | 20230517144147.0 | ||
| 008 | 210210b1924 xxu||||| |||| 00| 0 eng d | ||
| 040 | _cAL | ||
| 041 | _aFrench | ||
| 082 | _a444/49 | ||
| 100 |
_aFEUILLET (O) _9106973 |
||
| 245 | _aLe Roman dun jenue homme paure | ||
| 260 |
_aOxford _bAt the Clarendon Press _c1924 |
||
| 690 |
_aFrench _9106974 |
||
| 906 | _a006244 | ||
| 942 |
_2ddc _cBK |
||
| 999 |
_c129263 _d129263 |
||